[Event "Titled Tue 27th May Late"]
[Site "chess.com INT"]
[Date "2025.05.27"]
[Round "9"]
[White "Aronian, Levon"]
[Black "Movahed, Sina"]
[Result "0-1"]
[WhiteTitle "GM"]
[BlackTitle "GM"]
[WhiteElo "2747"]
[BlackElo "2518"]
[WhiteFideId "13300474"]
[BlackFideId "42520835"]
[EventDate "2025.05.27"]

1. d4 Nf6 2. Nf3 g6 3. e3 Bg7 4. Be2 O-O 5. O-O d6 6. b4 a5 7. b5 c5 8. c4 cxd4
9. exd4 b6 10. Nc3 Bb7 11. Bg5 Nbd7 12. Rc1 Rc8 13. Na4 Qc7 14. h3 Rfd8 15. Re1
Re8 16. Be3 Ne4 17. Bd3 Nef6 18. c5 dxc5 19. dxc5 bxc5 20. Nxc5 Nxc5 21. Rxc5
Qb8 22. b6 Nd5 23. Rxc8 Rxc8 24. Bd2 Qd6 25. Bxa5 Qa3 26. Ba6 Bxa6 27. Qxd5 e6
28. Qd2 Bf6 29. Ne5 Bb7 30. Qf4 Qe7 31. Bb4 Qd8 32. Ng4 Bg7 33. Nh6+ Bxh6 34.
Qxh6 Qxb6 35. Bd2 Qc6 36. f3 Qc2 37. Be3 Qb2 38. Rd1 e5 39. a4 Qb3 40. Rd6 Qa3
41. Rb6 Bd5 42. Kh2 Qa2 43. Rf6 Qxa4 44. Qg5 Qe8 45. Rd6 Ba8 46. Qf6 Qf8 47. Bd2
Re8 0-1

[Event "Titled Tue 27th May Late"]
[Site "chess.com INT"]
[Date "2025.05.27"]
[Round "9"]
[White "Ghimoyan, Narek"]
[Black "Gelman, Alexander"]
[Result "0-1"]
[WhiteTitle "CM"]
[BlackTitle "IM"]
[WhiteElo "2273"]
[BlackElo "2403"]
[WhiteFideId "13315412"]
[BlackFideId "4118316"]
[EventDate "2025.05.27"]

1. e4 c5 2. Nc3 e6 3. Nf3 a6 4. g3 d6 5. Bg2 Nc6 6. O-O Bd7 7. d4 cxd4 8. Nxd4
Nf6 9. Nxc6 Bxc6 10. Be3 Be7 11. h3 O-O 12. Qd2 Qc7 13. Rfd1 b5 14. f3 b4 15.
Ne2 d5 16. e5 Qxe5 17. Nd4 Qc7 18. f4 Bb7 19. Rac1 Rac8 20. Qf2 Ne4 21. Bxe4
dxe4 22. Nb3 Bd5 23. Bb6 Qb7 24. Bd4 Rc4 25. c3 Rfc8 26. Kh2 h5 27. Qe3 h4 28.
gxh4 Bxh4 29. Na5 Qe7 30. Nxc4 Rxc4 31. b3 Rc8 32. c4 Ba8 33. Rg1 g6 34. Rcd1
Rd8 35. Bc5 Qe8 36. Bxb4 Rd3 37. Rxd3 exd3 38. Qxd3 Bf2 39. Rf1 Qc6 40. Qd8+ Kh7
41. Rxf2 Qh1+ 42. Kg3 Qg1+ 43. Kh4 Qxf2+ 44. Kg5 Qg3+ 45. Kf6 Qh4+ 46. Kxf7 Qxd8
47. Be7 Qg8+ 48. Kf6 Be4 49. Bd6 Qg7+ 50. Kxe6 Bf5+ 51. Kd5 Bxh3 52. Be5 Qd7+
53. Kc5 Be6 54. Kb6 Qc8 55. c5 Bd5 56. Ka5 Qxc5+ 57. Ka4 Bc6# 0-1

[Event "Titled Tue 27th May Late"]
[Site "chess.com INT"]
[Date "2025.05.27"]
[Round "9"]
[White "Pakleza, Zbigniew"]
[Black "Korkmaz, Necmettin"]
[Result "1-0"]
[WhiteTitle "GM"]
[BlackTitle "CM"]
[WhiteElo "2484"]
[BlackElo "2059"]
[WhiteFideId "1119290"]
[BlackFideId "6303285"]
[EventDate "2025.05.27"]

1. g3 d5 2. d3 g6 3. c3 Bg7 4. e3 e5 5. f3 Nc6 6. h3 Nf6 7. b3 O-O 8. a3 Re8 9.
Ne2 Nh5 10. Kf2 f5 11. f4 d4 12. exd4 exd4 13. c4 Re3 14. Ra2 Qe7 15. Bxe3 dxe3+
16. Kg2 b6 17. Kh2 Nd4 18. Bg2 Rb8 19. Nbc3 g5 20. Nxd4 Bxd4 21. Qxh5 Bxc3 22.
Qxg5+ Qxg5 23. fxg5 Be6 24. Re2 Bd2 25. d4 Rf8 26. Rd1 f4 27. Rexd2 exd2 28.
Rxd2 f3 29. Bf1 Bf5 30. g4 Be4 31. Kg3 Kg7 32. d5 Kg6 33. h4 Rf7 34. Rd4 Bc2 35.
b4 Kg7 36. Rf4 Re7 37. Rxf3 Be4 38. Re3 Re8 39. Bd3 Bg6 40. Rxe8 Bxe8 41. h5 a5
42. h6+ Kg8 43. Kf4 axb4 44. axb4 Bf7 45. Ke5 Be8 46. c5 bxc5 47. bxc5 Bd7 48.
Bf5 Be8 49. Kf6 Ba4 50. Ke7 Bb3 51. Be6+ Kh8 52. d6 1-0

[Event "Titled Tue 27th May Late"]
[Site "chess.com INT"]
[Date "2025.05.27"]
[Round "9"]
[White "Burmakin, Vladimir"]
[Black "Klukin, Kirill"]
[Result "1-0"]
[WhiteTitle "GM"]
[BlackTitle "IM"]
[WhiteElo "2435"]
[BlackElo "2407"]
[WhiteFideId "4105109"]
[BlackFideId "24199273"]
[EventDate "2025.05.27"]

1. c4 c5 2. g3 g6 3. Bg2 Bg7 4. h4 h5 5. Nh3 Nc6 6. Nf4 a6 7. Nc3 Rb8 8. a4 d6
9. d3 Nf6 10. Bd2 O-O 11. Rb1 Bd7 12. O-O e6 13. b3 Qe7 14. e3 Rfd8 15. Qe2 Ng4
16. Rfd1 Nce5 17. b4 cxb4 18. Rxb4 Bc6 19. Rdb1 Bxg2 20. Kxg2 Qc7 21. d4 Nc6 22.
Rb6 Ne7 23. Ne4 Nc8 24. R6b4 Qc6 25. f3 Nf6 26. d5 exd5 27. Nxf6+ Bxf6 28. cxd5
Qd7 29. Qd3 Ne7 30. Qb3 Be5 31. Rxb7 Rxb7 32. Qxb7 Bxf4 33. Qxd7 Rxd7 34. gxf4
Nxd5 35. e4 Ne7 36. Bc3 Rc7 37. Bf6 Kh7 38. Rb6 Ng8 39. Rxd6 Nxf6 40. Rxf6 a5
41. Ra6 Rc5 42. Kg3 Kg7 43. e5 Kg8 44. Ra7 Kf8 45. Ra6 Ke7 46. Ra7+ Ke6 47. Ra6+
Ke7 48. f5 gxf5 49. Kf4 Rc4+ 50. Kxf5 Rxa4 51. Ra7+ Kf8 52. f4 Kg8 53. Kg5 Kf8
54. f5 Re4 55. Kf6 Kg8 56. Rxa5 Rxh4 57. Ra8+ Kh7 58. Kxf7 Rf4 59. f6 h4 60. e6
h3 61. e7 h2 62. e8=Q 1-0

[Event "Titled Tue 27th May Late"]
[Site "chess.com INT"]
[Date "2025.05.27"]
[Round "9"]
[White "Caruana, Fabiano"]
[Black "Leiva, Gianmarco"]
[Result "1-0"]
[WhiteTitle "GM"]
[BlackTitle "IM"]
[WhiteElo "2776"]
[BlackElo "2387"]
[WhiteFideId "2020009"]
[BlackFideId "3804399"]
[EventDate "2025.05.27"]

1. g4 e5 2. d4 e4 3. c4 c6 4. d5 Qh4 5. Nc3 Nf6 6. g5 Bc5 7. gxf6 e3 8. Nh3 d6
9. Qd3 Bxh3 10. Bxe3 Bb4 11. fxg7 Rg8 12. Bxh3 Qxh3 13. Rg1 Nd7 14. O-O-O Ne5
15. Qe4 f5 16. Qf4 Bxc3 17. bxc3 c5 18. Rg5 O-O-O 19. Rdg1 Ng6 20. Qxf5+ Qxf5
21. Rxf5 Rxg7 22. f4 Re7 23. Kd2 Rde8 24. Rg3 Re4 25. Kd3 a6 26. a4 Kc7 27. Rf6
b5 28. axb5 axb5 29. cxb5 c4+ 30. Kd2 Ne7 31. Rf7 Kc8 32. Bd4 Nxd5 33. e3 R4e7
34. Rxe7 Rxe7 35. f5 Rf7 36. e4 Nc7 37. b6 Nb5 38. Ke3 d5 39. Be5 Kb7 40. f6
Kxb6 41. exd5 Kc5 42. Ke4 Rf8 43. Rg7 Nd6+ 44. Bxd6+ Kxd6 45. f7 Ke7 46. Ke5 h5
47. d6+ Kd7 48. Kf6 1-0

[Event "Titled Tue 27th May Late"]
[Site "chess.com INT"]
[Date "2025.05.27"]
[Round "9"]
[White "Svane, Rasmus"]
[Black "Panarin, Mikhail"]
[Result "1-0"]
[WhiteTitle "GM"]
[BlackTitle "GM"]
[WhiteElo "2629"]
[BlackElo "2562"]
[WhiteFideId "4657101"]
[BlackFideId "4153251"]
[EventDate "2025.05.27"]

1. Nf3 c5 2. c4 Nc6 3. Nc3 Nf6 4. e3 a6 5. b3 g6 6. Bb2 Bg7 7. Be2 O-O 8. O-O d6
9. d4 cxd4 10. Nxd4 Bd7 11. Rc1 Qa5 12. Bf3 Rfc8 13. Qd2 Rab8 14. a4 Qb6 15. Qd1
Na5 16. Nd5 Nxd5 17. cxd5 Nxb3 18. Rb1 Nc5 19. Bc3 Qd8 20. a5 Na4 21. Bb4 Nc3
22. Bxc3 Rxc3 23. Rb6 Rc5 24. Qd2 Qc7 25. h3 Bb5 26. Rb1 Bxd4 27. exd4 Rc2 28.
Qe3 Re8 29. h4 Qc3 30. Rxb7 Qxe3 31. fxe3 Ra2 32. Rc1 Rxa5 33. e4 h5 34. e5 Kf8
35. exd6 exd6 36. Rcc7 Bd3 37. Rxf7+ Kg8 38. Rf6 Bf5 39. Rxd6 Ra1+ 40. Kh2 a5
41. Ra6 a4 42. d6 Rd8 43. Bd5+ Kh8 44. Raa7 g5 45. hxg5 Rd1 46. Rf7 Bg6 47. Rf6
Rxd4 48. Be6 Bc2 49. Rh6+ 1-0

[Event "Titled Tue 27th May Late"]
[Site "chess.com INT"]
[Date "2025.05.27"]
[Round "9"]
[White "Bratovic, Blaz"]
[Black "Kang, Dorian"]
[Result "0-1"]
[WhiteTitle "IM"]
[BlackTitle "CM"]
[WhiteElo "2319"]
[BlackElo "2047"]
[WhiteFideId "14603551"]
[BlackFideId "2619156"]
[EventDate "2025.05.27"]

1. e4 c5 2. Nf3 d6 3. d4 cxd4 4. Nxd4 Nf6 5. Nc3 a6 6. Bg5 Nbd7 7. Bc4 e6 8. O-O
Nc5 9. Re1 b5 10. Bf1 Be7 11. b4 Ncd7 12. a4 Bb7 13. axb5 axb5 14. Rxa8 Bxa8 15.
Ndxb5 Qb6 16. Be3 Qb8 17. Bf4 e5 18. Bg5 O-O 19. Qd3 h6 20. Bxf6 Nxf6 21. Rd1
Qb6 22. Nd5 Bxd5 23. exd5 Ng4 24. Qe2 f5 25. c4 Bg5 26. h3 Nf6 27. Ra1 Ne4 28.
Ra3 Bh4 29. Rf3 g5 30. g4 Nxf2 31. c5 dxc5 32. Rxf2 cxb4 33. Kg2 Bxf2 34. Qxf2
Qxf2+ 35. Kxf2 fxg4+ 36. Kg1 gxh3 37. d6 g4 38. Bc4+ Kg7 39. Kh2 h5 40. Nc7 Kf6
41. Ne6 Rf7 42. Nc5 Ra7 43. d7 Ke7 44. Kg3 Rxd7 45. Nxd7 Kxd7 46. Bf7 h4+ 47.
Kh2 e4 48. Bc4 e3 49. Be2 g3+ 50. Kxh3 b3 51. Kg2 b2 52. Bd3 e2 53. Bf5+ Kd6 54.
Bg4 b1=Q 55. Bf3 Qf1# 0-1

[Event "Titled Tue 27th May Late"]
[Site "chess.com INT"]
[Date "2025.05.27"]
[Round "9"]
[White "Tahbaz, Arash"]
[Black "Bluebaum, Matthias"]
[Result "1-0"]
[WhiteTitle "IM"]
[BlackTitle "GM"]
[WhiteElo "2462"]
[BlackElo "2660"]
[WhiteFideId "12528846"]
[BlackFideId "24651516"]
[EventDate "2025.05.27"]

1. Nf3 d5 2. g3 e6 3. Bg2 Nf6 4. O-O Bd6 5. d3 O-O 6. Nbd2 Nc6 7. e4 dxe4 8.
dxe4 e5 9. c3 a5 10. Re1 Be6 11. Qe2 Bc5 12. h3 h6 13. Nc4 Qe7 14. Ncxe5 Nxe5
15. Nxe5 Bxh3 16. Bxh3 Qxe5 17. Bf4 Qe7 18. Rad1 c6 19. e5 Nd5 20. Bc1 Rae8 21.
Kg2 f6 22. c4 Nb6 23. e6 f5 24. Qe5 Nxc4 25. Qc3 Nb6 26. a3 Nd5 27. Qxa5 Bb6 28.
Qa4 Qf6 29. Rxd5 cxd5 30. Qb5 Bd4 31. e7 Rxe7 32. Rxe7 Qxe7 33. Qxd5+ Kh7 34.
Qxd4 g5 35. Kh2 h5 36. Be3 h4 37. gxh4 g4 38. Bg2 Qxh4+ 39. Kg1 Qe7 40. Qf4 Qf6
41. Bxb7 Rd8 42. Kg2 Kg7 43. a4 Re8 44. Bd4 Re6 45. Bxf6+ Rxf6 46. a5 Kg6 47. a6
Rxa6 48. Bxa6 Kh5 49. Qxf5+ Kh4 50. Qf6+ Kh5 51. Bd3 g3 52. Be2# 1-0

[Event "Titled Tue 27th May Late"]
[Site "chess.com INT"]
[Date "2025.05.27"]
[Round "9"]
[White "Krotov, Damian"]
[Black "Hercegovac, Neven"]
[Result "0-1"]
[BlackTitle "FM"]
[WhiteElo "1967"]
[BlackElo "2211"]
[WhiteFideId "24208213"]
[BlackFideId "2839135"]
[EventDate "2025.05.27"]

1. d4 Nf6 2. c4 e6 3. Nf3 c5 4. d5 exd5 5. cxd5 d6 6. Nc3 g6 7. h3 Bg7 8. e4 O-O
9. Bd3 Na6 10. O-O Nc7 11. a4 Re8 12. Re1 Nd7 13. Bf1 b6 14. Bf4 Qe7 15. Nd2 Rb8
16. Bh2 Rf8 17. f4 a6 18. Nf3 b5 19. axb5 Nxb5 20. Nxb5 axb5 21. e5 Bb7 22. Bxb5
Nb6 23. exd6 Qf6 24. Bc6 Qxb2 25. Ra7 Nc4 26. Re2 Qb6 27. Rxb7 Rxb7 28. Bxb7
Qxb7 29. Ne5 Nxd6 30. Rc2 Rc8 31. Kh1 Nf5 32. Bg1 Bf8 33. g4 Ng3+ 34. Kh2 Ne4
35. Nc6 Bd6 36. Qd3 Bxf4+ 37. Kg2 Nf6 38. Bxc5 Rxc6 39. dxc6 Qxc6+ 40. Qf3 Qc7
41. Rc3 Be5 42. Bd4 Qe7 43. Bxe5 Qxe5 44. Rc8+ Kg7 45. Rc3 Ne4 46. Re3 Qb2+ 47.
Qe2 Qxe2+ 48. Rxe2 Nf6 49. Kf3 h5 50. gxh5 Nxh5 51. Kg4 Nf6+ 52. Kg3 Nh5+ 53.
Kg4 Nf6+ 54. Kf3 Nh7 55. Rd2 Ng5+ 56. Kg4 Ne6 57. Rd6 Kf6 58. Ra6 Kg7 59. Ra7
Kf6 60. Ra5 Kg7 61. h4 f5+ 62. Kg3 Kf6 63. Ra6 Ke5 64. Ra5+ Ke4 65. Ra4+ Nd4 66.
Ra6 f4+ 67. Kg4 Nf3 68. Rxg6 Ne5+ 69. Kg5 Nxg6 70. Kxg6 f3 71. h5 f2 72. h6 f1=Q
73. h7 Qf8 74. Kg5 Qh8 75. Kg6 Ke5 76. Kh6 Kf6 0-1

[Event "Titled Tue 27th May Late"]
[Site "chess.com INT"]
[Date "2025.05.27"]
[Round "9"]
[White "Adewumi, Tanitoluwa"]
[Black "Rustemov, Alexander"]
[Result "1-0"]
[WhiteTitle "FM"]
[BlackTitle "GM"]
[WhiteElo "2376"]
[BlackElo "2525"]
[WhiteFideId "30966396"]
[BlackFideId "4119002"]
[EventDate "2025.05.27"]

1. d4 d5 2. a4 Nf6 3. Nf3 c5 4. c3 cxd4 5. cxd4 Nc6 6. Nc3 Bf5 7. e3 a6 8. Bd2
e6 9. h3 h6 10. Qb3 Rb8 11. Be2 Bd6 12. O-O O-O 13. Rfc1 Qe7 14. a5 Rfc8 15. Na4
Ne4 16. Be1 Bb4 17. Nb6 Bxe1 18. Nxe1 Rc7 19. Nd3 Na7 20. Rxc7 Qxc7 21. Rc1 Qe7
22. Qb4 Qd8 23. Ne5 f6 24. Ned7 Nc6 25. Qa3 Rc8 26. Nxc8 Qxc8 27. Nb6 Qc7 28. b4
Nd6 29. b5 axb5 30. a6 bxa6 31. Qxa6 Nb8 32. Rxc7 Nxa6 33. Rc6 Nc4 34. Nxc4 dxc4
35. Rxa6 Bc2 36. Rb6 Ba4 37. Kf1 Kf7 38. Ke1 Ke7 39. Rc6 Kd7 40. Rc5 Kd6 41. Kd2
e5 42. Kc3 g5 43. g3 f5 44. Kb4 exd4 45. exd4 f4 46. Bxc4 fxg3 47. fxg3 Bd1 48.
Bxb5 Bf3 49. Bc4 Bg2 50. Kc3 Bxh3 51. Kd2 Bd7 52. Ke3 Ke7 53. d5 Kd6 54. Kd4 h5
55. Bb5 h4 56. Bxd7 hxg3 57. Bh3 g4 58. Bg2 1-0

[Event "Titled Tue 27th May Late"]
[Site "chess.com INT"]
[Date "2025.05.27"]
[Round "9"]
[White "Arabidze, Meri"]
[Black "Hamitevici, Vladimir"]
[Result "0-1"]
[WhiteTitle "IM"]
[BlackTitle "GM"]
[WhiteElo "2440"]
[BlackElo "2423"]
[WhiteFideId "13604040"]
[BlackFideId "13902393"]
[EventDate "2025.05.27"]

1. b3 a6 2. Bb2 c6 3. g3 h6 4. Bg2 d5 5. Nf3 Bf5 6. O-O e6 7. d3 Nf6 8. Nbd2 Bh7
9. Re1 Be7 10. e4 O-O 11. Qe2 a5 12. a3 Na6 13. h3 b5 14. e5 Nd7 15. Nf1 c5 16.
a4 b4 17. g4 Rc8 18. Rad1 Qc7 19. Ne3 Nb6 20. Nd2 Bg5 21. Qf3 Nb8 22. Qg3 Qe7
23. Nf3 Nc6 24. Nf1 Qd8 25. Nxg5 hxg5 26. Qe3 d4 27. Qg3 Nd5 28. Bxd5 Qxd5 29.
Bc1 f6 30. exf6 gxf6 31. Nh2 e5 32. Qf3 Ne7 33. Qxd5+ Nxd5 34. Bd2 Bg6 35. Kg2
Rc7 36. Nf1 Rh7 37. Ng3 Kf7 38. Rh1 Rfh8 39. Rde1 Ke6 40. Bc1 Kd6 41. Bd2 Nc7
42. Bc1 Kc6 43. Bd2 Kd7 44. Bc1 Bf7 45. Bd2 Bd5+ 46. f3 Ne6 47. Nf5 Nf8 48. Kg3
Ng6 49. Rh2 Be6 50. h4 Bxf5 51. gxf5 Ne7 52. h5 Rxh5 53. Rxh5 Rxh5 54. f4 gxf4+
55. Kf3 Nxf5 56. Rg1 Rh3+ 57. Ke2 Rh2+ 58. Kd1 Ng3 59. Be1 Rh1 0-1

[Event "Titled Tue 27th May Late"]
[Site "chess.com INT"]
[Date "2025.05.27"]
[Round "9"]
[White "Deichmann, Esteban Horacio"]
[Black "Jagirapu, Harshin Reddy"]
[Result "1-0"]
[WhiteElo "2085"]
[BlackElo "2042"]
[WhiteFideId "167410"]
[BlackFideId "39910679"]
[EventDate "2025.05.27"]

1. e4 Nf6 2. e5 Ne4 3. c4 e6 4. d3 Nc5 5. d4 Nca6 6. Nc3 d6 7. f4 c5 8. d5 Nc7
9. Nf3 b6 10. Bd3 Bb7 11. Be4 exd5 12. cxd5 Be7 13. O-O O-O 14. Qd3 h6 15. Rd1
Nd7 16. Be3 Re8 17. Bh7+ Kh8 18. Qf5 Nf8 19. Qxf7 Nxh7 20. e6 Nf6 21. Nh4 Nfxd5
22. Ng6+ Kh7 23. Nxd5 Nxd5 24. Rxd5 Bxd5 25. Qf5 Bxe6 26. Nf8+ Kg8 27. Nxe6 Qd7
28. Qd5 Kh8 29. f5 Bf6 30. Rd1 Bxb2 31. g4 Qa4 32. h3 Bd4 33. Rxd4 cxd4 34. Bxd4
Re7 35. f6 Qd1+ 36. Kg2 Qe2+ 37. Kg3 Qxe6 38. Qxa8+ Re8 39. fxg7+ Kg8 40. Qf3
Qf7 41. Qc6 Rd8 42. a4 d5 43. Qxh6 Qc7+ 44. Kh4 Kf7 45. Qf6+ Kg8 46. Qe6+ Qf7
47. Qh6 Qd7 48. Qh8+ Kf7 49. g8=Q+ Rxg8 50. Qh7+ Ke6 51. Qxg8+ Qf7 52. Qxf7+
Kxf7 53. Kg5 a6 54. h4 b5 55. axb5 axb5 56. h5 b4 57. h6 b3 58. h7 b2 59. Bxb2 1-0

[Event "Titled Tue 27th May Late"]
[Site "chess.com INT"]
[Date "2025.05.27"]
[Round "9"]
[White "May Sanchez, Andres Elias"]
[Black "Chocenka, Dmitrijus"]
[Result "0-1"]
[WhiteTitle "CM"]
[BlackTitle "FM"]
[WhiteElo "2209"]
[BlackElo "2304"]
[WhiteFideId "5150973"]
[BlackFideId "12802336"]
[EventDate "2025.05.27"]

1. e4 c5 2. Nf3 Nc6 3. d4 cxd4 4. Nxd4 e5 5. Nb5 d6 6. N1c3 a6 7. Na3 Be6 8. Nc4
Rb8 9. a4 Nb4 10. Be3 Nf6 11. Bb6 Qd7 12. Be2 Bxc4 13. Bxc4 Qc6 14. Ba7 Ra8 15.
Bd5 Nfxd5 16. exd5 Qc4 17. Be3 a5 18. Qe2 Qxe2+ 19. Kxe2 Nxc2 20. Rac1 Nxe3 21.
fxe3 Be7 22. Nb5 O-O 23. Rc7 Rfe8 24. Rxb7 Bf8 25. Rc1 Reb8 26. Rcc7 Rxb7 27.
Rxb7 f5 28. Rd7 Ra6 29. Rd8 Kf7 30. Rd7+ Kf6 31. Kf3 e4+ 32. Ke2 h5 33. g3 g5
34. b3 Ke5 35. Rh7 Rb6 36. Rf7 Rb8 37. Nc7 Rxb3 38. Rxf8 Rb2+ 39. Kd1 Rxh2 40.
Re8+ Kf6 41. Re6+ Kf7 42. Rxd6 Rg2 43. Rh6 Rxg3 44. Rxh5 Kg6 45. Rh8 Rxe3 46.
Kc2 f4 47. Re8 f3 48. Rf8 g4 49. d6 Rd3 50. Nb5 g3 51. Rg8+ Kf7 52. Rxg3 f2 53.
Rg2 f1=Q 0-1

[Event "Titled Tue 27th May Late"]
[Site "chess.com INT"]
[Date "2025.05.27"]
[Round "9"]
[White "Terry, Renato"]
[Black "Manolache, Marius"]
[Result "1-0"]
[WhiteTitle "IM"]
[BlackTitle "GM"]
[WhiteElo "2508"]
[BlackElo "2408"]
[WhiteFideId "3803457"]
[BlackFideId "1201530"]
[EventDate "2025.05.27"]

1. e4 c5 2. Nf3 e6 3. Nc3 Nc6 4. Bb5 Nge7 5. O-O a6 6. Bxc6 Nxc6 7. d4 cxd4 8.
Nxd4 Qc7 9. Re1 Be7 10. Nf5 Bf6 11. Nd6+ Ke7 12. Bf4 Ne5 13. Nf5+ Kf8 14. Ne3 h5
15. h3 b5 16. Bh2 Bb7 17. a3 Rc8 18. Qd2 Kg8 19. Rad1 Bc6 20. Qe2 Qb6 21. Kh1
Ng6 22. Rd3 a5 23. b4 axb4 24. axb4 Ne5 25. Rdd1 Ng6 26. Rd3 Be5 27. Bxe5 Nxe5
28. Rdd1 Ng6 29. Qd2 Qc7 30. f3 Nf4 31. Ne2 Nxe2 32. Qxe2 Kh7 33. c4 Rb8 34. Rc1
Qe5 35. Red1 Rhc8 36. Qd2 Qf4 37. c5 Ra8 38. Qf2 Ra4 39. Nc2 Rca8 40. Rb1 Ra2
41. Rd2 h4 42. Qe2 R8a4 43. Qd3 g6 44. Rbd1 Rb2 45. Qc3 Raa2 46. Kg1 g5 47. Kh1
Kg8 48. Kg1 f5 49. exf5 exf5 50. Re2 Kf7 51. Rde1 Kg6 52. Re7 1-0

[Event "Titled Tue 27th May Late"]
[Site "chess.com INT"]
[Date "2025.05.27"]
[Round "9"]
[White "Rasulov, Vugar"]
[Black "Aradhya, Garg"]
[Result "0-1"]
[WhiteTitle "GM"]
[BlackTitle "IM"]
[WhiteElo "2485"]
[BlackElo "2383"]
[WhiteFideId "13402390"]
[BlackFideId "25006746"]
[EventDate "2025.05.27"]

1. e4 e5 2. Nf3 Nc6 3. Bb5 a6 4. Ba4 Nf6 5. O-O Be7 6. Nc3 b5 7. Bb3 d6 8. a4
Bg4 9. axb5 Nd4 10. bxa6 Qc8 11. Kh1 Bxf3 12. gxf3 Qh3 13. Ba4+ Kd8 14. Rg1 Nxf3
15. Rg2 Ng4 16. Qe2 Bh4 17. Qb5 Nxf2+ 18. Rxf2 Bxf2 19. Qd7+ Qxd7 20. Bxd7 Kxd7
21. Kg2 Ne1+ 22. Kxf2 Nxc2 23. Ra4 Rhb8 24. Ne2 Nb4 25. d4 Nd3+ 26. Ke3 Nxc1 27.
Nxc1 exd4+ 28. Kxd4 Rxb2 29. e5 dxe5+ 30. Kxe5 Rb5+ 31. Kf4 Rd5 32. Ke4 Rd6 33.
Nd3 Kc6 34. Ra3 Kb6 35. Rb3+ Kc6 36. Ne5+ Kc5 37. Rc3+ Kb4 38. Rxc7 Raxa6 39.
Rxf7 Rh6 40. Rxg7 Rxh2 41. Rb7+ Kc3 42. Rc7+ Kb3 43. Rb7+ Ka2 44. Nd3 Rh4+ 45.
Ke3 Ra3 46. Ke2 Rh2+ 47. Nf2 Rb3 48. Ra7+ Kb1 49. Kf1 Rf3 0-1

[Event "Titled Tue 27th May Late"]
[Site "chess.com INT"]
[Date "2025.05.27"]
[Round "9"]
[White "Vagman, Roy"]
[Black "Steinberg, Nitzan"]
[Result "0-1"]
[WhiteTitle "FM"]
[BlackTitle "GM"]
[WhiteElo "2417"]
[BlackElo "2554"]
[WhiteFideId "2828995"]
[BlackFideId "2801795"]
[EventDate "2025.05.27"]

1. e4 c5 2. Nf3 e6 3. b3 a6 4. Bb2 Nc6 5. c4 d6 6. d4 cxd4 7. Nxd4 Nf6 8. Nc3
Be7 9. Be2 O-O 10. O-O Bd7 11. Qd2 Rc8 12. Rad1 Qc7 13. Kh1 Qb8 14. f4 Rfd8 15.
Bf3 b5 16. cxb5 Nxd4 17. Qxd4 axb5 18. e5 dxe5 19. fxe5 Ne8 20. Qf4 f5 21. Bh5
b4 22. Ne4 Rc2 23. Ba1 Bc6 24. Nf2 Nc7 25. Rc1 Rdd2 26. Rxc2 Rxc2 27. Bf3 Qa8
28. Rc1 Rxc1+ 29. Qxc1 Bxf3 30. Qxc7 Bxg2+ 31. Kg1 Bf8 32. Bd4 Qd5 33. Qc4 Kf7
34. Qxd5 Bxd5 35. Nd3 g5 36. Bb6 Be4 37. Nc5 Bb1 38. Nb7 Ke8 39. Nd6+ Kd7 40.
Bc5 Bxa2 41. Bxb4 Bxb3 42. Kf2 Bd5 43. Kg3 Be7 44. Bd2 h5 45. h3 f4+ 46. Kh2
Bxd6 47. exd6 Kxd6 48. h4 e5 49. hxg5 Ke6 50. Kh3 Kf5 51. Kh4 Bf7 52. Bc1 e4 53.
Bd2 e3 54. Bc1 Bg6 55. Ba3 Ke4 56. Bc5 Kf3 57. Bd6 e2 58. Bc5 e1=Q+ 59. Kh3 Qh1# 0-1

[Event "Titled Tue 27th May Late"]
[Site "chess.com INT"]
[Date "2025.05.27"]
[Round "9"]
[White "Le, Quang Liem"]
[Black "Naroditsky, Daniel"]
[Result "1-0"]
[WhiteTitle "GM"]
[BlackTitle "GM"]
[WhiteElo "2729"]
[BlackElo "2619"]
[WhiteFideId "12401137"]
[BlackFideId "2026961"]
[EventDate "2025.05.27"]

1. d4 Nf6 2. c4 g6 3. Nf3 Bg7 4. g3 d6 5. Bg2 O-O 6. O-O c6 7. Nc3 Bf5 8. Re1
Ne4 9. Qb3 Nxc3 10. bxc3 Nd7 11. e4 Bg4 12. Ng5 h6 13. h3 hxg5 14. hxg4 c5 15.
Bxg5 cxd4 16. cxd4 Bxd4 17. Rad1 Nc5 18. Qc2 Ne6 19. Bh6 Re8 20. e5 Kh7 21. Bf4
Nxf4 22. Rxd4 Qa5 23. Rde4 Ne6 24. exd6 exd6 25. Qb2 Qc7 26. g5 Kg8 27. Rh4 Ng7
28. Rd1 Re5 29. Qxb7 Qxb7 30. Bxb7 Rb8 31. Bf3 Rxg5 32. Rhd4 Rf5 33. Kg2 Ne8 34.
R1d2 Kf8 35. Bd5 Nc7 36. Bc6 Rc5 37. Rxd6 Rb6 38. Bf3 Rxd6 39. Rxd6 Rxc4 40. Rd3
Rc5 41. Ra3 a5 42. Be2 Nd5 43. Rd3 Nc3 44. Bf3 Nxa2 45. Rd8+ Kg7 46. Ra8 Nb4 47.
Ra7 Nd3 48. Be2 Ne5 49. Bd1 Nc6 50. Rc7 Rc4 51. Bb3 Rc3 52. Bxf7 Kf6 53. Bd5 Rc5
54. Rxc6+ Rxc6 55. Bxc6 Kg5 56. Ba4 Kg4 57. f4 Kf5 58. Bc2+ Kf6 59. Kf3 g5 60.
f5 Kg7 61. Kg4 a4 62. Bxa4 Kh6 63. Bb3 Kg7 64. Kxg5 Kh7 65. f6 Kh8 66. Kf5 Kh7
67. g4 Kh6 68. Bc2 Kh7 69. g5 Kg8 70. g6 Kh8 71. Kg5 Kg8 72. Bb3+ Kf8 73. g7+ 1-0

[Event "Titled Tue 27th May Late"]
[Site "chess.com INT"]
[Date "2025.05.27"]
[Round "9"]
[White "Aliyev, Elnur"]
[Black "Sydoryka, Vladyslav"]
[Result "1-0"]
[WhiteTitle "CM"]
[BlackTitle "FM"]
[WhiteElo "2155"]
[BlackElo "2224"]
[WhiteFideId "13402617"]
[BlackFideId "14145928"]
[EventDate "2025.05.27"]

1. e4 c6 2. d3 d5 3. Nd2 e5 4. Ngf3 Qc7 5. d4 exd4 6. exd5 c5 7. Bb5+ Bd7 8.
Qe2+ Be7 9. O-O Bxb5 10. Qxb5+ Qd7 11. Qxd7+ Nxd7 12. Re1 O-O-O 13. Nc4 f6 14.
Bf4 Nb6 15. Nxb6+ axb6 16. c4 dxc3 17. bxc3 Rxd5 18. Rab1 g5 19. Bg3 h5 20. h3
Bd8 21. Re8 Kd7 22. Rbe1 h4 23. Bb8 b5 24. Nh2 f5 25. Nf1 Bf6 26. Ne3 Kxe8 27.
Nxd5+ Kd7 28. Nb6+ Kd8 29. Bd6 Be7 30. Be5 Rh6 31. Rd1+ Ke8 32. Nd5 Re6 33. Nc7+
Kf7 34. Nxe6 Kxe6 35. Bg7 Bd6 36. Kf1 c4 37. Ke2 b4 38. cxb4 Bxb4 39. Rb1 Bc5
40. Rxb7 Ne7 41. Bf8 g4 42. Bxe7 Bxe7 43. Rc7 Bd6 44. Rxc4 Kd5 45. Ra4 gxh3 46.
gxh3 Be7 47. Ra5+ Ke4 48. Ra4+ Ke5 49. Rc4 Kd5 50. Rf4 Ke5 51. Rc4 Kd5 52. Rc8
Ke6 53. a4 Kd7 54. Rc2 Bb4 55. Rc4 Be7 56. a5 Kd6 57. a6 Kd5 58. Rc8 Bc5 59.
Rxc5+ Kxc5 60. a7 1-0